000 00372pab a2200157 454500
008 180718b2006 xxu||||| |||| 00| 0 eng d
100 _aBazerman, Max H.
245 _aDecisions without blinders
260 _c2006
300 _ap.88-97.
362 _aJan
650 _aDecision making
700 _aChugh, Dolly
773 _aHarvard Business Review
909 _a68377
999 _c68377
_d68377